000
00311nam a2200145Ia 4500
100
_a
MARTAND TELSANG
650
_a
PRODUCTION
942
_c
BK
366
_f
20
245
_a
INDUSTRIAL ENGG.AND MANAGEMENT
260
_b
S.Chand
_a
New Delhi
_c
2016
082
_a
658.5/TEL
300
_a
687
546
_a
ENGLISH
999
_c
20748
_d
20748